000 00749nam a2200253 i 4500
001 17590
003 ES-MaACL
005 20250728111826.0
007 t|
008 010405s2000 sp ||||1| spa d
020 _a84-7245-466-5
080 _a291
100 1 _aSmith, Huston.
_9106884
245 1 4 _aLas religiones del mundo /
_cHuston Smith ; traducción del inglés de Beatriz López Buisán.
250 _a2ª ed.
260 _aBarcelona :
_bKairós,
_c2000.
300 _a402 p. ;
_c23 cm.
490 1 _aSabiduría perenne
650 1 7 _aReligiones
_2embne
_916814
700 1 _aLópez-Buisán, Beatriz.
_973472
830 0 _aSabiduría perenne
_9180318
852 _aES-MaACL
_jL-24508
_bR.129764
999 _c17590
_d17590